| 000 | 00397nam a22001577a 4500 | ||
|---|---|---|---|
| 999 |
_c524557 _d524557 |
||
| 003 | NUST | ||
| 020 | _a969-417-015-6 | ||
| 038 | _aWaseem | ||
| 082 |
_a013.378 _bMAH |
||
| 100 |
_aMahmood ,Shahid _915363 |
||
| 245 |
_aAnnotated Bibliogaphy of Research Theses / _cShahid Mahmood |
||
| 260 |
_aIslamabad : _bMaqsood Ahmad, _c1998. |
||
| 300 | _a558 p. ; | ||
| 500 | _aHardcover. | ||
| 942 |
_2ddc _cBK |
||